[Event "AUS-ch reserves"]
[Site "Melbourne"]
[Date "2002.01.09"]
[Round "11"]
[White "Enano, Ronald"]
[Black "Grygoryan, Oleg"]
[Result "1-0"]
[WhiteElo "1889"]
[BlackElo "1692"]
[PlyCount "79"]
[EventDate "2001.12.28"]
[EventType "swiss"]
[EventRounds "11"]
[EventCountry "AUS"]
[SourceTitle "EXT 2003"]
[Source "ChessBase"]
[SourceDate "2002.11.25"]
[SourceVersion "1"]
[SourceVersionDate "2002.11.25"]
[SourceQuality "1"]

1. c4 c5 2. Nf3 Nf6 3. g3 g6 4. Bg2 Nc6 5. 0-0 Bg7 6. Nc3 0-0 7. a3 d6 8. d3 Bd7 9. Rb1 a5 10. Ne1 Rb8 11. Nc2 Qc8 12. Ne3 Bh3 13. Ncd5 Bxg2 14. Kxg2 e6 15. Nxf6+ Bxf6 16. Ng4 Bg7 17. h4 h5 18. Nh2 b5 19. Bf4 e5 20. Bg5 Qb7 21. Kg1 Rfe8 22. Re1 Re6 23. Nf1 bxc4 24. dxc4 Nd4 25. Bd2 Nb3 26. Bc3 a4 27. e4 Bh6 28. Qd3 Qa6 29. Ne3 Bxe3 30. Rxe3 Rc8 31. Rf1 Nd4 32. f4 Rc7 33. Rf2 Qc8 34. Qd1 Qd7 35. f5 Rf6 36. g4 hxg4 37. Qxg4 Kh7 38. Rg3 Qc8 39. Kh2 gxf5 40. Qg7# 1-0

[Event "AUS-ch reserves"]
[Site "Melbourne"]
[Date "2002.01.08"]
[Round "10"]
[White "Lee, Michelle"]
[Black "Enano, Ronald"]
[Result "1-0"]
[WhiteElo "1646"]
[BlackElo "1889"]
[PlyCount "57"]
[EventDate "2001.12.28"]
[EventType "swiss"]
[EventRounds "11"]
[EventCountry "AUS"]
[SourceTitle "EXT 2003"]
[Source "ChessBase"]
[SourceDate "2002.11.25"]
[SourceVersion "1"]
[SourceVersionDate "2002.11.25"]
[SourceQuality "1"]

1. e4 a6 2. d4 e6 3. Bd3 b6 4. Nf3 Bb7 5. 0-0 d6 6. Bf4 Nd7 7. e5 d5 8. Ng5 g6 9. Qg4 Qe7 10. Nd2 c5 11. c3 Nh6 12. Qh3 Bg7 13. Ngf3 Ng8 14. c4 cxd4 15. cxd5 Bxd5 16. Be4 f6 17. Bxd5 exd5 18. exf6 Qxf6 19. Rae1+ Ne7 20. Bg5 Qf5 21. Rxe7+ Kf8 22. Qxf5+ gxf5 23. Rxd7 h6 24. Bh4 d3 25. Rc1 Bxb2 26. Rcc7 Kg8 27. Bg3 Re8 28. Be5 Bxe5 29. Nxe5 1-0